<?xml version="1.0" encoding="UTF-8"?>
<record
    xmlns:xsi="http://www.w3.org/2001/XMLSchema-instance"
    xsi:schemaLocation="http://www.loc.gov/MARC21/slim http://www.loc.gov/standards/marcxml/schema/MARC21slim.xsd"
    xmlns="http://www.loc.gov/MARC21/slim">

  <leader>00367nam a2200145Ia 4500</leader>
  <controlfield tag="008">150301s2015    xx            000 0 und d</controlfield>
  <datafield tag="082" ind1=" " ind2=" ">
    <subfield code="a">610.7368</subfield>
    <subfield code="b">P15T</subfield>
  </datafield>
  <datafield tag="100" ind1=" " ind2=" ">
    <subfield code="a">TOWNSEND, MARG C.</subfield>
  </datafield>
  <datafield tag="245" ind1=" " ind2=" ">
    <subfield code="a">PSYCHIATRIC MENTAL HEALTH NURSING</subfield>
  </datafield>
  <datafield tag="250" ind1=" " ind2=" ">
    <subfield code="a">8TH</subfield>
  </datafield>
  <datafield tag="260" ind1=" " ind2=" ">
    <subfield code="b">JAYPEE MEDICAL PUB.</subfield>
    <subfield code="c">2015</subfield>
  </datafield>
  <datafield tag="300" ind1=" " ind2=" ">
    <subfield code="a">961</subfield>
  </datafield>
  <datafield tag="650" ind1=" " ind2=" ">
    <subfield code="a">PSYCHIATRIC NURSING</subfield>
  </datafield>
  <datafield tag="942" ind1=" " ind2=" ">
    <subfield code="2">ddc</subfield>
    <subfield code="c">BK</subfield>
    <subfield code="0">43</subfield>
  </datafield>
  <datafield tag="952" ind1=" " ind2=" ">
    <subfield code="0">0</subfield>
    <subfield code="1">0</subfield>
    <subfield code="2">ddc</subfield>
    <subfield code="4">0</subfield>
    <subfield code="7">0</subfield>
    <subfield code="8">NURSING</subfield>
    <subfield code="a">FM</subfield>
    <subfield code="b">FM</subfield>
    <subfield code="c">TXT</subfield>
    <subfield code="d">2015-07-02</subfield>
    <subfield code="e">ABC DELHI</subfield>
    <subfield code="g">1495.00</subfield>
    <subfield code="i">SGTU</subfield>
    <subfield code="l">27</subfield>
    <subfield code="o">610.7368 P15T</subfield>
    <subfield code="p">FN2626</subfield>
    <subfield code="r">2025-12-12 00:00:00</subfield>
    <subfield code="s">2025-11-17</subfield>
    <subfield code="w">2015-03-25</subfield>
    <subfield code="y">BK</subfield>
    <subfield code="k">5533</subfield>
  </datafield>
  <datafield tag="952" ind1=" " ind2=" ">
    <subfield code="0">0</subfield>
    <subfield code="1">0</subfield>
    <subfield code="2">ddc</subfield>
    <subfield code="4">0</subfield>
    <subfield code="7">0</subfield>
    <subfield code="8">NURSING</subfield>
    <subfield code="a">FM</subfield>
    <subfield code="b">FM</subfield>
    <subfield code="c">TXT</subfield>
    <subfield code="d">2015-07-02</subfield>
    <subfield code="e">ABC DELHI</subfield>
    <subfield code="g">1495.00</subfield>
    <subfield code="i">SGTU</subfield>
    <subfield code="l">24</subfield>
    <subfield code="o">610.7368 P15T</subfield>
    <subfield code="p">FN2627</subfield>
    <subfield code="r">2026-04-22 00:00:00</subfield>
    <subfield code="s">2026-04-01</subfield>
    <subfield code="w">2015-03-25</subfield>
    <subfield code="y">BK</subfield>
    <subfield code="k">5533</subfield>
  </datafield>
  <datafield tag="952" ind1=" " ind2=" ">
    <subfield code="0">0</subfield>
    <subfield code="1">0</subfield>
    <subfield code="2">ddc</subfield>
    <subfield code="4">0</subfield>
    <subfield code="7">0</subfield>
    <subfield code="8">NURSING</subfield>
    <subfield code="a">FM</subfield>
    <subfield code="b">FM</subfield>
    <subfield code="c">TXT</subfield>
    <subfield code="d">2015-07-02</subfield>
    <subfield code="e">ABC DELHI</subfield>
    <subfield code="g">1495.00</subfield>
    <subfield code="i">SGTU</subfield>
    <subfield code="l">28</subfield>
    <subfield code="o">610.7368 P15T</subfield>
    <subfield code="p">FN2628</subfield>
    <subfield code="q">2026-06-11</subfield>
    <subfield code="r">2026-05-28 11:50:46</subfield>
    <subfield code="s">2026-05-28</subfield>
    <subfield code="w">2015-03-25</subfield>
    <subfield code="y">BK</subfield>
    <subfield code="k">5533</subfield>
  </datafield>
  <datafield tag="952" ind1=" " ind2=" ">
    <subfield code="0">0</subfield>
    <subfield code="1">0</subfield>
    <subfield code="2">ddc</subfield>
    <subfield code="4">0</subfield>
    <subfield code="7">0</subfield>
    <subfield code="8">NURSING</subfield>
    <subfield code="a">FM</subfield>
    <subfield code="b">FM</subfield>
    <subfield code="c">TXT</subfield>
    <subfield code="d">2015-07-02</subfield>
    <subfield code="e">ABC DELHI</subfield>
    <subfield code="g">1495.00</subfield>
    <subfield code="i">SGTU</subfield>
    <subfield code="l">29</subfield>
    <subfield code="o">610.7368 P15T</subfield>
    <subfield code="p">FN2629</subfield>
    <subfield code="r">2026-04-15 00:00:00</subfield>
    <subfield code="s">2026-03-17</subfield>
    <subfield code="w">2015-03-25</subfield>
    <subfield code="y">BK</subfield>
    <subfield code="k">5533</subfield>
  </datafield>
  <datafield tag="952" ind1=" " ind2=" ">
    <subfield code="0">0</subfield>
    <subfield code="1">0</subfield>
    <subfield code="2">ddc</subfield>
    <subfield code="4">0</subfield>
    <subfield code="7">0</subfield>
    <subfield code="8">NURSING</subfield>
    <subfield code="a">FM</subfield>
    <subfield code="b">FM</subfield>
    <subfield code="c">TXT</subfield>
    <subfield code="d">2015-07-02</subfield>
    <subfield code="e">ABC DELHI</subfield>
    <subfield code="g">1495.00</subfield>
    <subfield code="i">SGTU</subfield>
    <subfield code="l">22</subfield>
    <subfield code="o">610.7368 P15T</subfield>
    <subfield code="p">FN2630</subfield>
    <subfield code="r">2022-09-09 00:00:00</subfield>
    <subfield code="s">2022-09-08</subfield>
    <subfield code="w">2015-03-25</subfield>
    <subfield code="y">BK</subfield>
    <subfield code="k">5533</subfield>
  </datafield>
  <datafield tag="999" ind1=" " ind2=" ">
    <subfield code="c">6799</subfield>
    <subfield code="d">6799</subfield>
  </datafield>
</record>
